000
00327nam a2200133Ia 4500
008
191201s2004 xx 000 0 und d
082
_a
511.32
_b
KLF
100
_a
KLIR, George J
245
0
_a
Fuzzy Sets, Uncertainty, and Information
260
_a
N.Delhi
_b
PHI
_c
2004
300
_a
355
650
_a
B.Tech(ECE)
942
_2
ddc
_c
BK
999
_c
966
_d
966